| 000 | 01474nam a2200241Ia 4500 | ||
|---|---|---|---|
| 003 | OSt | ||
| 005 | 20210128160302.0 | ||
| 008 | 191128s2017 ck ao||gr 000 0 spa d | ||
| 040 |
_aCO-JMCR _cCO-JMCR |
||
| 041 | 0 | _aspa | |
| 082 | 0 | 4 |
_a327.860952 / _bC778c _223 |
| 110 | 1 |
_aColombia. _bEmbajada de Japón en Colombia _94135 |
|
| 245 | 1 | 0 |
_aCooperación de Japón en Colombia : _bapoyo entre personas por generaciones / |
| 260 |
_aBogotá : _bEmbajada del Japón en Colombia, _c2017 |
||
| 300 |
_a105 páginas : _bfotografías a color ; _c30 cm. |
||
| 505 | 0 | _aPalabras de la primera dama, Señora María Clemencia Rodríguez de Santos -- Palabras de la Ministra de Relaciones Exteriores, Señora María Ángela Holguín Cuéllar -- Palabras de la Ministra de Cultura, Señora Mariana Garcés Córdoba -- Palabras del Alto consejero para el posconflicto, Derechos Humanos y Seguridad, Señor Rafael Pardo Rueda -- Palabras del Director de la Agencia Presidencial de Cooperación Internacional de Colombia, Señor Alejandro Gamboa Castilla -- Palabras del Embajador del Japón en Colombia, Señor Ryutaro Hatanaka -- Resumen de la Cooperación del Japón en Colombia | |
| 650 |
_a _94136 |
||
| 651 | 4 |
_aColombia _xrelaciones exteriores _zJapón _94137 |
|
| 651 | 4 |
_aJapón _xrelaciones exteriores _zColombia _94138 |
|
| 651 | 4 |
_aJapón _xcooperación internacional _zColombia _94139 |
|
| 651 | 4 |
_aColombia _xcooperación internacional _zJapón _94140 |
|
| 942 |
_2ddc _cBK |
||
| 999 |
_c4093 _d4093 |
||